000 00510cam a22002171 4500
001 sa 64003698
003 DLC
005 20260227112019.0
008 890227s1963 xx 000 0 ben
010 _asa 64003698
035 _a(OCoLC)23577799
040 _aDLC
_cMiU
_dDLC
042 _apremarc
050 0 0 _aPK1718.R63
_bR3
100 1 _aRoy, Kalidas,
_d1889-1975.
245 1 0 _aRaṅga-citra.
260 _c[1963]
300 _a192 p.
_c23 cm.
500 _aIn Bengali.
500 _aShort stories.
999 _c58070
_d58070